000 00490nam a2200181Ia 4500
001 20459
005 20260306172807.0
008 260306t2022||||xx |||||||||||||| ||spa||
041 _aESP
082 _a343.211
_bD84
100 _aDivisión de Estudios Jurídicos de Gaceta Jurídica
_eAUT
245 0 _aEstándares del Sistema Interamericano de Derechos Humanos
260 _c2022
300 _a541 páginas :
_c25 cm.
650 _aGEN
654 _aCDE
942 _cLIB
_dJUS
_fJUS
_2ddc
_n
999 _c20459
_d20459